| 000 | 00881nam a22002535i 4500 | ||
|---|---|---|---|
| 001 | 176252 | ||
| 003 | ES-MaACL | ||
| 005 | 20230906220029.0 | ||
| 008 | 101228s1934 fr |||| | fre d | ||
| 080 | _a930.85(38) | ||
| 100 | 1 |
_aCohen, Robert. _939512 |
|
| 245 | 1 | 3 |
_aLa Grèce et l'hellénisation du monde antique / _cpar Robert Cohen ; avant-propos de S. Charléty. |
| 260 |
_aParis : _bPresses Universitaires de France, _c1934. |
||
| 300 |
_aXXXV, 657 p. ; _c20 cm. |
||
| 490 | 1 |
_aClio, introduction aux études historiques ; _v2 |
|
| 500 | _aÍndice. | ||
| 504 | _aBibliografía: p. XV-XLV. | ||
| 650 | 4 |
_aCivilización griega. _9137206 |
|
| 651 | 4 |
_aGrecia- _xHistoria. _98777 |
|
| 700 | 1 |
_aCharléty, Sébastien. _938084 |
|
| 830 | 1 |
_aClio, introduction aux études historiques ; _v2 _9189992 |
|
| 852 |
_aES-MaACL _jE-13916 _xOlim P-671 |
||
| 999 |
_c176252 _d176252 |
||